| 000 | 01483pam a2200349 i 4500 | ||
|---|---|---|---|
| 001 | zcodcb b8696822 | ||
| 003 | DLC | ||
| 005 | 20250318163654.0 | ||
| 007 | t| | ||
| 008 | 241113s2025 mdu e b 001 0 eng | ||
| 010 | _a 2024025471 | ||
| 020 |
_a9781538161685 _qcloth |
||
| 020 | _a1538161680 | ||
| 040 |
_aDLC _beng _erda _cDLC _dDLC _dIMmBT |
||
| 042 | _apcc | ||
| 092 |
_ageneral nonfiction _b302 Phillips, Lisa A. |
||
| 100 | 1 |
_aPhillips, Lisa A., _eauthor. _4aut. _96541021 |
|
| 245 | 1 | 0 |
_aFirst love : _bguiding teens through relationships and heartbreak / _cLisa A. Phillips. |
| 264 | 1 |
_aLanham : _bRowman & Littlefield, _c[2025] |
|
| 300 |
_axxiv, 263 pages ; _c23 cm. |
||
| 336 | _atext | ||
| 337 | _aunmediated | ||
| 338 | _avolume | ||
| 504 | _aIncludes bibliographical references (pages 227-247) and index. | ||
| 520 | _a"First Love is about teens' experiences in the maelstrom of crushes, relationships, and breakups. It offers parents the information they need to navigate the complexities and challenges of their child's first love and guidance on how best to support them on their journey through all of love's stages"-- | ||
| 650 | 0 | _aInterpersonal relations. | |
| 650 | 0 | _aTeenagers. | |
| 650 | 0 | _aLove. | |
| 650 | 0 | _aParent and teenager. | |
| 776 | 0 | 8 |
_iOnline version: _aPhillips, Lisa A. _tFirst love _dLanham : Rowman & Littlefield, [2025] _z9781538161692 _w(DLC) 2024025472. |
| 942 |
_2ddc _cBOOK |
||
| 999 |
_c405705 _d405705 |
||